000 00267nam a2200121 a 4500
005 20140414093831.0
008 970111s19uu xx 00 eng d
050 _aVHS SD
_bR 46
245 _aSIS Hymn.
260 _cJune 6, 2002.
942 _cAVM
999 _c108691
_d108691